000
00261nam a2200097Ia 4500
001
686723
005
20250826161542.0
008
250824s9999 xx 000 0 und d
245
0
_a
MEMLEKETİMDEN İNSAN MANZARALARI
_c
NAZIM HİKMET
260
_b
YAPI KREDİ YAYINLARI
999
_c
686723
_d
686723